[Event "EU-ch U10 28th"]
[Site "Riga"]
[Date "2018.08.21"]
[Round "2"]
[White "Vetokhin, Savva"]
[Black "Wielgus, Wojciech"]
[Result "0-1"]
[WhiteElo "1870"]
[BlackElo "1605"]
[PlyCount "182"]
[EventDate "2018.08.20"]
[EventType "swiss"]
[EventRounds "9"]
[EventCountry "LAT"]
[SourceTitle "CBM 186 Extra"]
[Source "ChessBase"]
[SourceDate "2018.08.24"]
[SourceVersion "1"]
[SourceVersionDate "2018.08.24"]
[SourceQuality "1"]

1. e4 c5 2. c3 d6 3. d4 Nf6 4. dxc5 Nc6 5. Qc2 dxc5 6. Nf3 Bg4 7. Be2 Qc7 8. 0-0 e6 9. Na3 a6 10. Rd1 Be7 11. Be3 0-0 12. Rd2 Rfd8 13. Rxd8+ Rxd8 14. Rd1 Rxd1+ 15. Bxd1 h6 16. Be2 Bh5 17. Nc4 Bg6 18. Nfd2 b5 19. Na3 Nd5 20. Nf1 Nxe3 21. Nxe3 Qf4 22. Qd2 Ne5 23. f3 Nc6 24. g3 Qd6 25. Qxd6 Bxd6 26. Nac2 f6 27. a4 c4 28. Kf2 Kf8 29. Nd4 Nxd4 30. cxd4 Ke7 31. Ke1 Kd7 32. Kd1 Kc7 33. axb5 axb5 34. b3 cxb3 35. Bxb5 e5 36. d5 Kb6 37. Ba4 Ka5 38. Bxb3 Kb4 39. Ba2 Be8 40. Nf5 Bf8 41. Kd2 Bd7 42. Ne3 Ba4 43. Bc4 Bd7 44. Kd3 Ba4 45. Ba6 Bd7 46. Bc4 Ba4 47. h4 Be7 48. Ba6 Bd7 49. Nc2+ Kc5 50. Ne3 Kb4 51. h5 Bf8 52. f4 Bd6 53. Nc4 Bb8 54. fxe5 fxe5 55. Bb7 Bb5 56. Ke3 Kxc4 57. Kf3 Kd4 58. Bc8 Be8 59. g4 Bd6 60. Bf5 Be7 61. Bh7 Bb5 62. Bf5 Ba4 63. Ke2 Bc2 64. Kf3 Bd1+ 65. Kf2 Bh4+ 66. Kg2 Ke3 67. d6 Bf3+ 68. Kh3 Bg5 69. d7 Bxe4 70. Be6 Kd4 71. Kg3 Kc5 72. Bb3 Kd6 73. d8Q+ Bxd8 74. Kf2 Bg5 75. Bd1 Kd5 76. Ba4 Kd4 77. Ke2 Bd3+ 78. Ke1 e4 79. Bc6 e3 80. Bf3 Bh4+ 81. Kd1 Kc3 82. g5 hxg5 83. h6 gxh6 84. Bg4 e2+ 85. Bxe2 Bxe2+ 86. Kxe2 h5 87. Kf3 g4+ 88. Ke4 Kd2 89. Kf5 g3 90. Kf4 g2 91. Kf3 g1Q 0-1

[Event "EU-ch U08 27th"]
[Site "Mamaia"]
[Date "2017.09.07"]
[Round "3"]
[White "Wielgus, Wojciech"]
[Black "Hudak, Michal"]
[Result "1-0"]
[WhiteElo "1432"]
[BlackElo "1034"]
[PlyCount "35"]
[EventDate "2017.09.05"]
[EventType "swiss"]
[EventRounds "9"]
[EventCountry "ROU"]
[SourceTitle "CBM 180 Extra"]
[Source "ChessBase"]
[SourceDate "2017.10.06"]
[SourceVersion "1"]
[SourceVersionDate "2017.10.06"]
[SourceQuality "1"]

1. e4 d5 2. exd5 Qxd5 3. Nc3 Qd6 4. d4 Nf6 5. Nf3 a6 6. g3 Bg4 7. Bg2 Nc6 8. 0-0 e6 9. Re1 0-0-0 10. Be3 Kb8 11. h3 Bh5 12. g4 Bg6 13. a3 Nd5 14. Nxd5 exd5 15. Qd2 Be7 16. Bf4 Qd7 17. Ne5 Nxe5 18. Bxe5 1-0

[Event "POL-chT U20 2nd League"]
[Site "Szczyrk"]
[Date "2017.07.26"]
[Round "7.27"]
[White "Burdzicki, Stanislaw"]
[Black "Wielgus, Wojciech"]
[Result "1-0"]
[WhiteElo "1576"]
[BlackElo "1248"]
[PlyCount "109"]
[EventDate "2017.07.22"]
[EventType "team-swiss"]
[EventRounds "11"]
[EventCountry "POL"]
[SourceTitle "EXT 2019"]
[Source "ChessBase"]
[SourceDate "2018.10.10"]
[SourceVersion "1"]
[SourceVersionDate "2018.10.10"]
[SourceQuality "1"]

1. d4 Nf6 2. c4 e6 3. Nf3 c5 4. Nc3 cxd4 5. Nxd4 a6 6. a3 Qc7 7. e4 d6 8. Be2 Be7 9. Be3 0-0 10. 0-0 b6 11. f4 Bb7 12. Qd3 Nbd7 13. b4 Rac8 14. Rac1 Qb8 15. Qb1 Rfd8 16. f5 e5 17. Nb3 Qa8 18. Bd3 Bc6 19. h3 h6 20. Kh2 Rc7 21. g4 Kh8 22. Rg1 Nh7 23. Nd2 Rg8 24. Nf3 Qd8 25. Nd5 Bxd5 26. cxd5 b5 27. Rxc7 Qxc7 28. Rc1 Qb7 29. Qc2 Ra8 30. Qc6 Rb8 31. Qc7 Nhf8 32. Nd2 Kg8 33. Nb3 Qxc7 34. Rxc7 f6 35. Ra7 Kf7 36. Rxa6 Ke8 37. Ra5 Kd8 38. Rxb5 Ra8 39. Na5 Nh7 40. Nc6+ Ke8 41. Ra5 Rc8 42. Bb5 Bd8 43. Ra7 Nhf8 44. Kg2 Be7 45. Rb7 Ra8 46. a4 Bd8 47. Nb8 Bc7 48. Nxd7 Nxd7 49. Rxc7 Rd8 50. a5 Ke7 51. a6 Ke8 52. Rxd7 Rxd7 53. Bxd7+ Kxd7 54. a7 Ke7 55. a8Q 1-0

[Event "EU-ch U08 26th"]
[Site "Prague"]
[Date "2016.08.22"]
[Round "5"]
[White "Wielgus, Wojciech"]
[Black "Pingin, Artem"]
[Result "0-1"]
[WhiteElo "1151"]
[BlackElo "1560"]
[PlyCount "54"]
[EventDate "2016.08.18"]
[EventType "swiss"]
[EventRounds "9"]
[EventCountry "CZE"]
[SourceTitle "CBM 174 Extra"]
[Source "ChessBase"]
[SourceDate "2016.10.10"]
[SourceVersion "1"]
[SourceVersionDate "2016.10.10"]
[SourceQuality "1"]

1. e4 c5 2. Nf3 d6 3. d4 cxd4 4. Nxd4 Nf6 5. Nc3 a6 6. Be3 e6 7. f3 Be7 8. g4 Nc6 9. Qd2 Nxd4 10. Bxd4 b5 11. 0-0-0 Bb7 12. h4 e5 13. Be3 Qa5 14. Kb1 Rc8 15. h5 b4 16. Ne2 Nxe4 17. fxe4 Bxe4 18. Rc1 Bxh1 19. Bh3 Bd5 20. b3 Be6 21. Rf1 Qb5 22. Ng3 a5 23. Qf2 Bh4 24. Rc1 a4 25. Qg2 Bxg3 26. Qxg3 axb3 27. axb3 Qa5 0-1

[Event "POL-chT U19 2nd League"]
[Site "Iwonicz"]
[Date "2016.07.31"]
[Round "8.46"]
[White "Sulima, Franciszek"]
[Black "Wielgus, Wojciech"]
[Result "0-1"]
[WhiteElo "1215"]
[BlackElo "1118"]
[PlyCount "64"]
[EventDate "2016.07.23"]
[EventType "team-swiss"]
[EventRounds "11"]
[EventCountry "POL"]
[SourceTitle "EXT 2019"]
[Source "ChessBase"]
[SourceDate "2018.10.10"]
[SourceVersion "1"]
[SourceVersionDate "2018.10.10"]
[SourceQuality "1"]
[WhiteTeam "Gdynia MDK U19"]
[BlackTeam "Gliwice Akademia Szachowa U19"]
[WhiteTeamCountry "POL"]
[BlackTeamCountry "POL"]

1. e4 e5 2. Nf3 Nc6 3. d4 exd4 4. Bc4 Nf6 5. e5 d5 6. Bb5 Ne4 7. Nxd4 Bd7 8. Bxc6 bxc6 9. 0-0 Bc5 10. Be3 0-0 11. f3 Ng5 12. f4 Ne4 13. Nd2 Nxd2 14. Qxd2 f6 15. Nb3 Bb6 16. Bc5 Re8 17. Rae1 Qe7 18. Bxb6 axb6 19. e6 Bc8 20. a3 Bb7 21. f5 c5 22. c3 Rad8 23. Qf2 Ba6 24. Rd1 Bxf1 25. Qxf1 Qd6 26. Qb5 Qe5 27. Qd3 c4 28. Qd4 cxb3 29. Qg4 h5 30. Qxh5 Rxe6 31. Qg4 Qe2 32. Qd4 Qe3+ 0-1

[Event "POL-chT U19 2nd League"]
[Site "Iwonicz"]
[Date "2016.07.31"]
[Round "3.58"]
[White "Wojtasik, Szymon"]
[Black "Wielgus, Wojciech"]
[Result "1-0"]
[WhiteElo "1240"]
[BlackElo "1118"]
[PlyCount "127"]
[EventDate "2016.07.23"]
[EventType "team-swiss"]
[EventRounds "11"]
[EventCountry "POL"]
[SourceTitle "EXT 2019"]
[Source "ChessBase"]
[SourceDate "2018.10.10"]
[SourceVersion "1"]
[SourceVersionDate "2018.10.10"]
[SourceQuality "1"]
[WhiteTeam "Wielun UKS Piatka U19"]
[BlackTeam "Gliwice Akademia Szachowa U19"]
[WhiteTeamCountry "POL"]
[BlackTeamCountry "POL"]

1. e4 e5 2. Nf3 Nc6 3. d4 exd4 4. Nxd4 Bc5 5. Be3 Qf6 6. c3 Nge7 7. Bc4 0-0 8. 0-0 Re8 9. Nb5 Bd6 10. f4 a6 11. e5 Qf5 12. Bd3 Qe6 13. Nd4 Nxd4 14. Bxd4 Nf5 15. Bxf5 Qxf5 16. exd6 c5 17. Bf2 b6 18. Bg3 Bb7 19. Nd2 Re6 20. Nf3 Rae8 21. Re1 Rxe1+ 22. Nxe1 Re3 23. Nc2 Re8 24. Qd2 Qg6 25. Re1 Rxe1+ 26. Nxe1 h6 27. Qd3 Qe6 28. b3 Kh8 29. Bf2 Kg8 30. Qd2 Kh8 31. Nc2 Qg6 32. Ne3 Bc6 33. Be1 Kg8 34. Nc4 f6 35. Nxb6 h5 36. Nc8 Qe8 37. Ne7+ Kf8 38. Nxc6 dxc6 39. d7 Qd8 40. Bf2 Ke7 41. Bxc5+ Kf7 42. Kh1 a5 43. Qd6 a4 44. Qf8+ Qxf8 45. Bxf8 Kxf8 46. d8Q+ Kf7 47. bxa4 c5 48. a5 c4 49. a6 h4 50. a7 h3 51. gxh3 Kg6 52. a8B Kh6 53. Qe8 g5 54. fxg5+ fxg5 55. Bf3 g4 56. Bxg4 Kg5 57. Qe5+ Kg6 58. Qf5+ Kg7 59. Bh5 Kg8 60. Bg6 Kg7 61. Qg5 Kf8 62. Qf6+ Kg8 63. Qf7+ Kh8 64. Qh7# 1-0